000 00796nam a2200181Ia 4500
003 GCL
008 140319s9999 xx 000 0 ara d
040 _aGCL /
_cGCL
082 0 4 _aط
_b813.087د س
100 1 _aدار ثقافة الاطفال
245 1 0 _aسلسلة القصص المصورة: مغامرة في الفضاء- لغة المستقبل- جزيرة الكنز- موبي ديك- مطاردات شيبوب- شيبوب وعصابة القراصنة- الصياد- فت فت وميكانو /
_cدار ثقافة الاطفال
260 _aالقاهرة :
_bدار ثقافة الاطفال ،
_c1989
300 _a26سم ؛
_cمتعدد
490 _aسلسلة القصص المصورة
_v0
650 0 4 _aالاطفال
650 0 4 _aقصص الاطفال
942 _2ddc
_cBK
999 _c44936
_d44936